000 00669nam a2200289Ia 4500
005 20260324111803.0
008 008 260324s9999 xx 000 0 eng d
020 _a9781032668437
037 _aEBOOK
040 _aCRL
040 _beng
040 _cCRL
041 _2eng
041 _aeng
084 _qCRL
100 _aVijay K. Dhir
_91140017
245 0 _aPhase Change Heat Transfer
245 0 _bBoiling and Condensation
260 _bTaylor and Francis
260 _c2025
365 _a
365 _b260
856 _uhttp://www.taylorfrancis.com/books/9781032668437
942 _cEBOOK
999 _c1728939
_d1728939